| 000 | 00580nam a22001937a 4500 | ||
|---|---|---|---|
| 003 | OSt | ||
| 005 | 20160812133609.0 | ||
| 008 | 160812b xxu||||| |||| 00| 0 eng d | ||
| 020 | _a9780306466885 | ||
| 040 | _cDDC. | ||
| 082 | _a005.117GAR 2001. | ||
| 100 |
_aGarrido,M.Jose; _910609 |
||
| 245 |
_aObject-Oriented Discrete-Event Simulation with Java. _bA practical Introduction. |
||
| 260 |
_aNew York. _bKluwer Academic. _c2001. |
||
| 300 |
_axvi,256p; _bill; _c26cm. |
||
| 504 | _aincludes bibliography and index. | ||
| 650 |
_aComputer programming. _94022 |
||
| 942 |
_2z _cO_SHELF |
||
| 999 |
_c4953 _d4953 |
||